000 00575cas a22002295a 4500
001 L67
008 070622c1843 xxkwr p 0 a0eng
022 0 _a0013-0613
035 _a(Sirsi) u99114
041 0 _aeng
245 0 0 _aEconomist
260 _aLondon
_bEconomist
_c1843-
362 0 _aOctober 1995-
510 2 _aKnowledge Alert
_c2006-
520 _aKept for one year
554 _aWeekly
651 4 _aInternational
690 _aMANAGEMENT
856 4 1 _uhttps://www.rics.org/ejournals
_zeJournals coming Spring 2023
942 _n0
948 _c16/02/1994
999 _c118660
_d118660